Epissage - Statistiques

Statistiques générales
  • Ce quiz a été pris 16 fois
  • Le résultat moyen est 9 sur 15
Statistiques - réponses
Hint Réponse % Correct
Dissociation du splicéosome, dégradation de l' """"" intron
100%
Les """""" sont reliés entre eux exons
100%
Procédé pendant lequel, dans les pré-ARNm : • Les """"""" sont enlevés introns
100%
Introns : (OK) OK
100%
Exons: (OK) OK
100%
Epissage – Mécanisme (OK) OK
100%
Segments des pré-ARNm qui ne font """" partie de la séquence codante pas
100%
Les exons """"" du noyau sortent
67%
Assemblage du """"""" (ou complexe d’épissage) splicéosome
67%
Coupure et liaison des extrêmités • Coupe aux sites "" et "" 5' et 3'
33%
Segments des pré-ARNm qui font """" de la séquence codante partie
33%
Les introns """""" dans le noyau restent
33%
Formation du """""" lasso
0%
Les snRNPs avec d’autres protéines se lient aux """" " """""" 5’ et 3’ et rapprochent les exons site d'épissage
0%
Des snARNs avec au moins 7 autres protéines forment des """"" snRNPs
0%
Aucun quiz correspondant
Distribution des résultats
% des personnes avec chaque résultat
Percentile par nombre de réponses
Votre historique - résultats
Vous n’avez pas pris ce quiz